01433nab a22002417a 4500999001500000003000400015005001700019008004100036040000700077100003100084245011300115260007300228300001500301500003500316505048000351505008100831650002300912650002400935650003500959650002600994773015801020942001301178 c6417d6417OSt20260202132039.0190429b xxu||||| |||| 00| 0 spa d cPJ aArrieta Cano, Franco9705110aExención de prisión y habeas corpus: una problemática en el trámite judicial /cFranco Arrieta Cano. cCiudad Autónoma de Buenos Aires :aThomson Reuters La Ley, b2023. ap. 149-158 aCita Online: AR/DOC/2130/2023. aSumario: I. Palabras iniciales.— II. Habeas corpus y algunas de sus características.— III. Habeas corpus preventivo.— IV. La exención de prisión.— V. Algunas similitudes entre ambos institutos procesales.— VI. El problema de la presentación del habeas corpus preventivo con propósito de lograr una eximición de prisión.— VII. El foco de análisis.— VIII. La verdadera finalidad de este trámite.— IX. Posible solución al problema planteado.  tSi te interesa el texto completo, solicitalo a koha@justierradelfuego.gov.ar 09343aDERECHO PENAL 092348aPROCESO PENAL 093095aEXIMICIÓN DE PRISIÓN 092082aHÁBEAS CORPUS0 0265893164tRevista de derecho penal y criminología. Nº 9 - Octubre 2023dCiudad Autónoma de Buenos Aires : Thomson Reuters La Ley, 2017-x00347914 2udccANA